O. V. Vijayan : (Record no. 1429789)

MARC details
000 -LEADER
fixed length control field 00481nam a2200181Ia 4500
005 - DATE AND TIME OF LATEST TRANSACTION
control field 20250701110043.0
008 - FIXED-LENGTH DATA ELEMENTS--GENERAL INFORMATION
fixed length control field 008 250516s9999 xx 000 0 eng d
020 ## - INTERNATIONAL STANDARD BOOK NUMBER
International Standard Book Number 9781041034438
040 ## - CATALOGING SOURCE
Language of cataloging eng
Transcribing agency SDCL
041 ## - LANGUAGE CODE
Language code of text/sound track or separate title eng
Source of code eng
084 ## - COLON CLASSIFICATION NUMBER
Classification number O32,3N30:g R5
100 ## - MAIN ENTRY--PERSONAL NAME
Personal name Ramakrishnan, E. V. Ed.
245 #0 - TITLE STATEMENT
Title O. V. Vijayan :
Remainder of title The critical insider
260 ## - PUBLICATION, DISTRIBUTION, ETC.
Place of publication, distribution, etc. London:
Name of publisher, distributor, etc. Routledge,
Date of publication, distribution, etc. 2025.
300 ## - PHYSICAL DESCRIPTION
Extent xxii, 326p.
650 ## - SUBJECT ADDED ENTRY--TOPICAL TERM
Topical term or geographic name entry element English
942 ## - ADDED ENTRY ELEMENTS (KOHA)
Koha item type Textual
Source of classification or shelving scheme Colon Classification (CC)
100 ## - MAIN ENTRY--PERSONAL NAME
-- 621324
999 ## -
-- 1429789
-- 1429789
Holdings
Withdrawn status Lost status Damaged status Not for loan Home library Current library Date acquired Source of acquisition Inventory number Total checkouts Full call number Barcode Date last seen Price effective from Koha item type
        South Campus Library South Campus Library 2025-05-22 Classic Book Service 246, 06/02/2025   O32,3N30:g, R5 SC1691111 2025-05-22 2025-05-22 Textual
Copyright @ Delhi University Library System